Sudden Death: Spacefaring Nations - Statistics

General Stats
  • This quiz has been taken 24 times
  • The average score is 5 of 11
Answers on the Grid
Answers color-coded by a green-red scale on the quiz's grid according to % correct below.
Japan
United States
Germany
India
Italy
Canada
China
United Kingdom
Austria
France
Russia (USSR)
Israel
Australia
South Africa
Brazil
Iran
Argentina
Turkey
North korea
Spain
Taiwan
United Arab Emirates
South korea
 
Answer Stats
Answer % Correct
United States
93%
Russia (USSR)
87%
China
80%
Japan
67%
India
53%
France
47%
United Kingdom
40%
North korea
20%
Iran
13%
South korea
13%
Israel
7%
No matching quizzes found
Score Distribution
Percent of People with Each Score
Percentile by Number Answered
Your Score History
You have not taken this quiz